La casa patronal
Guardat en:
| Autor principal: | |
|---|---|
| Format: | Llibre |
| Idioma: | espanyol |
| Publicat: |
Santiago
s.n
1967
|
| Matèries: | |
| Etiquetes: |
Afegir etiqueta
Sense etiquetes, Sigues el primer a etiquetar aquest registre!
|
MARC
| LEADER | 00000nam a2200000 a 4500 | ||
|---|---|---|---|
| 001 | UCT0363 | ||
| 003 | CL-VaPUC | ||
| 008 | 960830e19670000CL |||||||||||||||||spa|d | ||
| 082 | 0 | 4 | |a 728.372 |b IRA |2 21 |
| 100 | |a Irarrázabal Covarrubias, Raúl |e author |9 565305 | ||
| 245 | 1 | 3 | |a La casa patronal |
| 300 | |a 33 p | ||
| 942 | |c BK | ||
| 945 | |d 19960830 00:00:00 |a rleighto | ||
| 260 | |a Santiago |b s.n |c 1967 | ||
| 650 | 0 | |a Arquitectura |9 804558 | |
| 650 | 0 | |a Casas |9 348018 | |
| 650 | 0 | |a Diseño arquitectónico |9 265271 | |
| 650 | 0 | |a Arquitectura rural |9 326192 | |
| 583 | |a last modification |c 20130318 08:07:14 |k Rodrigo Vera | ||
| 999 | |c 251376 |d 251374 | ||
| 952 | |0 0 |1 0 |4 0 |6 728_372000000000000_IRA_1967 |7 0 |8 R |9 270487 |a BIBARQ |b BIBARQ |d 2019-11-19 |i 3223647 |l 1 |o 728.372 IRA 1967 |p 3223647 |r 2025-03-11 |s 2022-08-25 |w 2019-11-19 |y BK_R |k ARQ | ||
| 952 | |0 0 |1 0 |4 0 |6 728_372000000000000_IRA_1967 |7 0 |8 X |9 270488 |a BIBHIS |b BIBHIS |d 2019-11-19 |i 136300K |o 728.372 IRA 1967 |p 136300K |r 2024-01-30 |w 2019-11-19 |y BK_X |k HIS | ||